000 00922nam a2200301 a 4500
001 000039316
003 DO-SdBNP
005 20170922132624.0
007 000039316
008 110228s2003 dr 000 0 spa d
040 _aBPMSU
_bspa
_cBPMSU
082 _a158.1
_bA561p, 2003
100 1 _aAndrés, Mateo,
245 1 0 _aPuedo ser otro ... y feliz /
_cMateo Andrés; prólogo Fco. José Arnaiz.
250 _a14 ed.
260 _aSanto Domingo :
_bAmigo del Hogar,
_c2003.
300 _a175 p. :
_bil. ;
_c22 cm.
490 1 _aLuz;
_v1
650 4 _aDESARROLLO DE LA PERSONALIDAD
700 1 2 _aArnaiz, José Fco.,
_epról.
830 0 _aLuz;
_n1
910 _aValidado. Control de calidad MFF
930 1 _lBND01
_mLF1
_820130621
_f01
_pCT
_g37449
942 _2ddc
_cBK
945 _aTitulo remanejado para BNPHU
956 _aYLOCKWARD
_b10
_c20130621
_lBND01
_h1446
956 _aVMATEO
_b10
_c20130625
_lBND01
_h0846
999 _c7678
_d7678